Le GOAT des meilleurs clubs du TOP 7 UEFA - Statistiques

Statistiques générales
  • Ce quiz a été pris 67 fois
    10 depuis la dernière actualisation
  • Le résultat moyen est 9 sur 20
Statistiques - réponses
Hint Réponse % Correct
Real Madrid Cristiano Ronaldo
100%
PSG Kylian Mbappé
100%
FC Barcelone Lionel Messi
100%
Arsenal Thierry Henry
90%
AC Milan Paolo Maldini
70%
Atlético Madrid Antoine Griezmann
60%
Juventus Alessandro Del Piero
50%
OM Jean-Pierre Papin
50%
Chelsea Didier Drogba
40%
Benfica Eusébio
40%
AJAX Johan Cruyff
40%
OL Juninho
40%
Manchester United Ryan Giggs
30%
Liverpool Steven Gerrard
30%
Bayern Munich Franz Beckenbauer
10%
Inter Milan Giuseppe Meazza
10%
Bayer Leverkusen Michael Ballack
10%
Porto Deco
0%
Borussia Dortmund Matthias Sammer
0%
PSV Romario
0%
Aucun quiz correspondant
Distribution des résultats
% des personnes avec chaque résultat
Percentile par nombre de réponses
Votre historique - résultats
Vous n’avez pas pris ce quiz depuis la dernière actualisation